| 000 | 00682pam a2200229 a 4500 | ||
|---|---|---|---|
| 001 | 2842920 | ||
| 003 | NUST - PNEC | ||
| 005 | 20170116181109.0 | ||
| 008 | 841203s1985 ilua 000 0 eng | ||
| 010 | _a 84027907 | ||
| 020 | _a0870065149 | ||
| 040 |
_aDLC _cLIBRARY _dDLC |
||
| 050 | 0 | 0 |
_aTK4660 _b.M53 1985 |
| 082 | 0 | 0 |
_a671.5212 MIN _219 |
| 100 | 1 | _aMinnick, William H. | |
| 245 | 1 | 0 |
_aGTAW handbook / _cby William H. Minnick. |
| 260 |
_aSouth Holland, Ill. : _bGoodheart-Willcox Co., _cc1985. |
||
| 300 |
_a272 p. : _bill. (some col.) ; _c29 cm. |
||
| 650 |
_aMechanical engineering _912806 _xME |
||
| 906 |
_a7 _bcbc _corignew _d1 _eocip _f19 _gy-gencatlg |
||
| 942 |
_2ddc _cBK |
||
| 999 |
_c69045 _d69045 |
||